Forecasting Systems for Operations Management
Enregistré dans:
| Auteur principal: | |
|---|---|
| Autres auteurs: | |
| Format: | Livre |
| Langue: | anglais |
| Publié: |
Homewood
Business One Irwin
1991
|
| Édition: | 1. ed. |
| Sujets: | |
| Tags: |
Pas de tags, Soyez le premier à ajouter un tag!
|
MARC
| LEADER | 00000nam a2200000 4500 | ||
|---|---|---|---|
| 001 | c019693 | ||
| 005 | 20240417113437.2 | ||
| 020 | |a 1-55623-040-0 | ||
| 041 | 0 | |a eng | |
| 044 | |a US | ||
| 245 | 1 | 0 | |a Forecasting Systems for Operations Management |c Stephen DeLurgio, Carl Bhame |
| 250 | |a 1. ed. | ||
| 264 | 1 | |a Homewood |b Business One Irwin |c 1991 | |
| 300 | |a 648 s. | ||
| 610 | 2 | 0 | |a manažment |
| 610 | 2 | 0 | |a riadenie operatívne |
| 610 | 2 | 0 | |a prognózy |
| 610 | 2 | 0 | |a prognózy hospodárske |
| 610 | 2 | 0 | |a metódy prognostické |
| 610 | 2 | 0 | |a riadenie výroby |
| 100 | 1 | |a DeLurgio, Stephen | |
| 700 | 1 | |a Bhame, Carl | |